000 00749nam a2200265Ia 4500
003 OSt
005 20220927105246.0
006 a|||||r|||| 00| 0
007 ta
008 220926b |||||||| |||| 00| 0 eng d
020 _a8178241323
024 _a148972
037 _cReference Collections
040 _aRTL
_cRTL
_beng
041 _2eng
_aeng
082 _a"Y15:3(Z).2, P5"
100 _aKapur Ratna
_9371334
245 0 _aErotic justice
_b Law and the new politics of post colonialism
260 _aDelhi
_bPermanent Block
_c2005
300 _a"vi, 217p"
_ccm.
500 _aBibliography P 177-198
650 _aSociology
942 _h"Y15:3(Z).2, P5"
_cCC
999 _c691545
_d691545